000 00406cam a2200157ua 4500
041 _aeng
_h
082 _a632.96
_bBAC/BI
100 _aBach, De Panl .
245 0 0 _aBiological control of insects, pests and weeds /
_cBach De Panl.
_hTextual Documents
250 _a1 /
_b.
260 _aLondon :
_bChapman and Hall Ltd ,
_c1964.
300 _a843 ; .
504 _a
942 _cBK
999 _c351
_d351